| 000 | 00583nam a22001575i 4500 | ||
|---|---|---|---|
| 001 | 156133 | ||
| 003 | ES-MaACL | ||
| 005 | 20230906210329.0 | ||
| 008 | 040728s1881 sp |||| | spa d | ||
| 100 | 1 |
_aIzquierdo Alcaide, Teodoro. _9128221 |
|
| 245 | 1 | 0 |
_aCompendio de historia de España / _cpor Teodoro Izquierdo y Alcaide. |
| 260 |
_aValencia : _b[s.n.], _c1881 ( _fImp. de Manuel Alufre) |
||
| 300 |
_aXII, 534 p. ; _c22 cm. |
||
| 651 | 4 |
_aEspaña- _xHistoria. _98209 |
|
| 852 | 4 |
_aES-MaACL _jD-2295 _z- Enc. hol., conservando cub. original _z- Dedicatoria autógrafa del autor |
|
| 999 |
_c156133 _d156133 |
||